000 00607nam a22001937a 4500
005 20180508171248.0
010 _aENG-123009
020 _c650.00
_a9789386582577
035 _aEN-106541
037 _aDBAD/PUB.
082 _a921
100 _aTilak, Lakshmibai
245 _aSmritichitre :
_cby Lakshmibai Tilak ; translated by Shanta Gokhale
_bThe memoirs of a spirited wife /
260 _aNew Delhi
_bSpeaking Tiger
_c2017
270 _a4381/4, Ansari Road, Daryaganj
_bNew Delhi
_e110002
300 _a498p.
_b21cm(pbk)
700 _aShanta Gokhale
942 _2ddc
_cEN
_h921
_mTIL
999 _c151944
_d151944